00748nam a2200229Ia 45000010006000000050017000060070003000230080041000260400025000670410008000920820020001001000029001202450089001492500014002382600045002523000019002976530029003166530014003459420012003599520130003719990017005012729520240114000959.0ta060522s g b000 u 465 u aCotton College,Assam a465 a824.91bSt 32 R aSteeves, Harrison Ross . 0aRepresentative Essays in Modern Thought /cHarrison Ross Steeves.hTextual Documents a1st ed. / aNew York :bAmerican Book Company ,cnd. a533p. ;c22cm. aEnglish essays-Criticism aG-English 2ddccBK 001040708Circulation (G)aSKBLbSKBLd2012-02-01f00000l0o824.91 St 32 Rp207.63r2024-01-14 00:00:00t1w2012-02-01yBK c27277d27277